Từ điển thuật ngữ tin học Anh - Việt /

Spremljeno u:
Bibliografski detalji
Glavni autor: Lê Minh Trí
Format: Sách giấy
Jezik:Vietnamese
Izdano: TP.HCM : Trẻ , 2000
Oznake: Dodaj oznaku
Bez oznaka, Budi prvi tko označuje ovaj zapis!
Thư viện lưu trữ: Thư viện Trường Đại học Đà Lạt
LEADER 00579nam a2200253 4500
001 DLU020017215
005 ##3/22/2001
020 # # |a 978- 
041 # # |a vie 
082 # # |a 004.03  |b LE-T 
100 # # |a Lê Minh Trí 
245 # # |a Từ điển thuật ngữ tin học Anh - Việt /  |c Lê Minh Trí 
260 # # |a TP.HCM :  |b Trẻ ,  |c 2000 
300 # # |a 1539 tr.;   |c 21 cm. 
992 # # |a 140000 
994 # # |a DLU 
998 # # |a TK 
900 # # |a False 
911 # # |a Administrator 
925 # # |a G 
926 # # |a A 
927 # # |a SH 
980 # # |a Thư viện Trường Đại học Đà Lạt